Welcome to CU Library Online Public Access Catalogue (OPAC)

Financial accounting (Record no. 8739)

MARC details
000 -LEADER
fixed length control field 00346nam a2200157 4500
005 - DATE AND TIME OF LATEST TRANSACTION
control field 20260216174044.0
008 - FIXED-LENGTH DATA ELEMENTS--GENERAL INFORMATION
fixed length control field cuc123
020 ## - INTERNATIONAL STANDARD BOOK NUMBER
International Standard Book Number 0072416300
050 ## - LIBRARY OF CONGRESS CALL NUMBER
Classification number HF 5635 FIN
Item number 1
100 ## - MAIN ENTRY--PERSONAL NAME
Personal name MEIGS F. ROBERT
245 ## - TITLE STATEMENT
Title Financial accounting
250 ## - EDITION STATEMENT
Edition statement 10th
260 ## - PUBLICATION, DISTRIBUTION, ETC.
Place of publication, distribution, etc. Boston
Name of publisher, distributor, etc. McGraw- Hill
Date of publication, distribution, etc. 2000c
300 ## - PHYSICAL DESCRIPTION
Extent xxiv,712p
942 ## - ADDED ENTRY ELEMENTS (KOHA)
Source of classification or shelving scheme Library of Congress Classification
Koha item type Books
Suppress in OPAC No
999 ## -
-- 8739
-- 8739
Holdings
Withdrawn status Lost status Source of classification or shelving scheme Damaged status Not for loan Collection Home library Current library Shelving location Date acquired Total checkouts Full call number Barcode Date last seen Copy number Price effective from Koha item type Public note
    Library of Congress Classification     Non-fiction Graduate Library (Christ Temple) Graduate Library (Christ Temple) General stacks 02/16/2026   HF 5635 FIN GSCT00002587 02/16/2026 1 02/16/2026 Books EAQ
    Library of Congress Classification     Non-fiction Graduate Library (Christ Temple) Graduate Library (Christ Temple) General stacks 02/16/2026   HF 5635 FIN GSCT00002588 02/16/2026 2 02/16/2026 Books EAQ
    Library of Congress Classification     Non-fiction Graduate Library (Christ Temple) Graduate Library (Christ Temple) General stacks 02/16/2026   HF 5635 FIN GSCT00002589 02/16/2026 3 02/16/2026 Books EAQ
    Library of Congress Classification     Non-fiction Graduate Library (Christ Temple) Graduate Library (Christ Temple) General stacks 02/16/2026   HF 5635 FIN GSCT00002590 02/16/2026 4 02/16/2026 Books EAQ
    Library of Congress Classification     Non-fiction Graduate Library (Christ Temple) Graduate Library (Christ Temple) General stacks 02/16/2026   HF 5635 FIN GSCT00002591 02/16/2026 5 02/16/2026 Books EAQ
    Library of Congress Classification     Non-fiction Graduate Library (Christ Temple) Graduate Library (Christ Temple) General stacks 02/16/2026   HF 5635 FIN GSCT00002592 02/16/2026 6 02/16/2026 Books EAQ
© 2023-2024 Copyright: Central University Libraries. All Rights Reserved | Created by: Mahone Tech Office